<La> Gouvernance pour le développement durable étude de cinq pays de l'OCDE

Gespeichert in:
Bibliographische Detailangaben
Format: Buch
Sprache:Französisch
Veröffentlicht: Paris OECD 2002
Schlagworte:
Tags: Tag hinzufügen
Keine Tags, Fügen Sie das erste Tag hinzu!

MARC

LEADER 00000nam a2200000 4500
001 c142736
005 20221124094524.2
020 |a 92-64-28747-7 
041 0 |a fre 
044 |a FR 
245 1 0 |a <La> Gouvernance pour le développement durable  |b étude de cinq pays de l'OCDE 
264 1 |a Paris  |b OECD  |c 2002 
300 |a 402 s. 
610 2 0 |a rozvoj hospodársky 
610 2 0 |a politika hospodárska 
610 2 0 |a inštitúcia 
610 2 0 |a porovnanie medzinárodné 
610 2 0 |a svet 
610 2 0 |a OECD